000 00286nam a2200121Ia 4500
008 190216s9999||||xx |||||||||||||| ||und||
100 _aMukundan M
245 0 _aDaivathinte Vikruthikal
260 _bD C Books Kerala
_c1998
300 _a348p
650 _aMalayalam Novel
942 _cBK
999 _c26575
_d26575